LİSA TUHAF ŞEYLER OLUYOR (Kayıt no. 833741)

MARC ayrıntıları
000 -LEADER
sabit uzunluktaki kontrol alanı 00264nam a2200097Ia 4500
001 - KONTROL NUMARASI
kontrol alanı 833741
005 - EN SON İŞLEMİN TARİH VE ZAMANI
kontrol alanı 20250826172420.0
008 - SABİT-UZUNLUKTA VERİ ÖĞELERİ--GENEL BİLGİ
sabit uzunluktaki kontrol alanı 250824s9999 xx 000 0 und d
245 #0 - ESER / YAZAR
ESER ADI LİSA TUHAF ŞEYLER OLUYOR
Yazar Adı YASEMİN DERYA AKA
260 ## - YAYIN, DAĞITIM, VB.
YAYIN EVİ ÇOCUK GEZEGENİ YAYINLARI
Mevcut
Düşüm durumu Kayıp durumu Hasar Durumu Ödünç verilmez Ana kütüphane Geçerli Kütüphane Edinilen tarih Toplam ödünç verme sayısı Barkod Son görüntüleme tarihi Son ödünç verme tarihi Fiyatın geçerli olmaya başladığı tarih Koha materyal türü
        ŞEHİT MUSTAFA ÇUHADAR ORTAOKULU ŞEHİT MUSTAFA ÇUHADAR ORTAOKULU 24.08.2025 1 10541486 19.01.2026 27.11.2025 26.08.2025 Kitaplar
Gemini Bilgi Teknolojileri A.Ş. tarafından düzenlenmiştir.